| 000 | 00335cam a2200145ua 4500 | ||
|---|---|---|---|
| 003 | @ | ||
| 008 | 211008b ||||| |||| 00| 0 eng d | ||
| 082 |
_a823.308 _bSWI/TA |
||
| 100 |
_aSwift,Fonathan _95106 |
||
| 245 | 0 | 0 | _a A Tale of a Tub |
| 260 |
_aOxford at the clarendon press.Mcmlviii _c1920 |
||
| 300 | _a374 | ||
| 942 | _cBK | ||
| 999 |
_c36 _d36 |
||
| 003 | OSt | ||